| 000 | 00649nam a2200169Ia 4500 | ||
|---|---|---|---|
| 008 | 140626s9999 xx 000 0 und d | ||
| 100 | _aMcQuillan, Patrick. | ||
| 245 |
_aSome pieces that matter in teacher education : _b the synergy of social justice, inquiry-into-practice and meeting the needs of diverse learners / _cPatrick McQuillan ... [et al.]. |
||
| 260 | _cc2009. | ||
| 300 | _a1 : 2, page 47 | ||
| 440 | _aThe Asian Journal of Educational Research and Synergy | ||
| 521 | _aSPED | ||
| 650 | _aInquiry-into-practice. | ||
| 650 | _aMeeting the needs of diverse learners. | ||
| 650 | _aTeacher education social justice. | ||
| 942 | _cSE | ||
| 999 |
_c120932 _d120932 |
||